Owen Wilson & Wes Anderson Collaborations - Statistics

General Stats
  • This quiz has been taken 11 times
  • The average score is 6 of 7
Answer Stats
Year Released Movie % Correct
2014 The Grand Budapest Hotel
100%
2001 The Royal Tennenbaums
100%
2007 The Darjeeling Limited
90%
1996 Bottle Rocket
80%
2009 Fantastic Mr. Fox
80%
2004 The Life Aquatic with Steve Zissou
80%
2021 The French Dispatch
70%
No matching quizzes found
Score Distribution
Percent of People with Each Score
Percentile by Number Answered
Your Score History
You have not taken this quiz